UM Logo

Interface-mechanical and thermal characteristics of Ag sinter joining on bare DBA substrate during aging, thermal shock and 1200 W/cm² power cycling tests / (Record no. 19415)

MARC details
000 -LEADER
fixed length control field 01312nam a22002777a 4500
003 - CONTROL NUMBER IDENTIFIER
control field OSt
005 - DATE AND TIME OF LATEST TRANSACTION
control field 20250916093033.0
008 - FIXED-LENGTH DATA ELEMENTS--GENERAL INFORMATION
fixed length control field 240228b ||||| |||| 00| 0 eng d
040 ## - CATALOGING SOURCE
Transcribing agency 0
082 ## - DEWEY DECIMAL CLASSIFICATION NUMBER
Classification number DPer 621.317 Ie21 June 2022 v. 37 n. 6
100 ## - MAIN ENTRY--PERSONAL NAME
Personal name Chen, Chuantong.
Relator term author.
9 (RLIN) 53579
245 ## - TITLE STATEMENT
Title Interface-mechanical and thermal characteristics of Ag sinter joining on bare DBA substrate during aging, thermal shock and 1200 W/cm² power cycling tests /
Statement of responsibility, etc. Chuantong Chen, Dongjin Kim, Zheng Zhang, Naoki Wakasugi, Yang Liu, Ming-Chun Hsieh, Shuajie Zhao, Aiji Suetake, and Katsuaki Suganuma.
260 ## - PUBLICATION, DISTRIBUTION, ETC. (IMPRINT)
Place of publication, distribution, etc. New York ;
Name of publisher, distributor, etc. The Institute of Electrical and Electronics Engineers, Inc. ,
Date of publication, distribution, etc. June 2022.
300 ## - PHYSICAL DESCRIPTION
Extent Volume 37, pages 6647-6659 :
Other physical details illustration ;
Dimensions 29 cm.
500 ## - GENERAL NOTE
General note IEEE Transactions on Power Electronics, vol. 37, no. 6, pages 6647-6659, June 2022.
700 ## - ADDED ENTRY--PERSONAL NAME
Personal name Chen, Chuantong.
Relator term author.
9 (RLIN) 53579
700 ## - ADDED ENTRY--PERSONAL NAME
Personal name Kim, Dongjin.
Relator term author.
9 (RLIN) 53580
700 ## - ADDED ENTRY--PERSONAL NAME
Personal name Zhang, Zheng.
Relator term author.
9 (RLIN) 53581
700 ## - ADDED ENTRY--PERSONAL NAME
Personal name Wakasugi, Naoki.
Relator term author.
9 (RLIN) 53582
700 ## - ADDED ENTRY--PERSONAL NAME
Personal name Liu, Yang.
Relator term author.
9 (RLIN) 53583
700 ## - ADDED ENTRY--PERSONAL NAME
Personal name Hsieh, Ming-Chun.
Relator term author.
9 (RLIN) 53584
700 ## - ADDED ENTRY--PERSONAL NAME
Personal name Zhao, Shuajie.
Relator term author.
9 (RLIN) 53585
700 ## - ADDED ENTRY--PERSONAL NAME
Personal name Suetake, Aiji.
Relator term author.
9 (RLIN) 53586
700 ## - ADDED ENTRY--PERSONAL NAME
Personal name Suganuma, Katsuaki.
Relator term author.
9 (RLIN) 53587
942 ## - ADDED ENTRY ELEMENTS (KOHA)
Source of classification or shelving scheme Dewey Decimal Classification
Koha item type Periodicals
Holdings
Withdrawn status Lost status Source of classification or shelving scheme Damaged status Not for loan Collection code Home library Current library Date acquired Total Checkouts Full call number Date last seen Price effective from Koha item type Public note
    Dewey Decimal Classification     Periodicals UM Digos College - LIC UM Digos College - LIC 02/28/2024   DPer 621.317 Ie21 June 2022 v.37 n. 6 02/28/2024 02/28/2024 Periodicals Periodical Article